| 000 | 00381nam a2200157Ia 4500 | ||
|---|---|---|---|
| 008 | 221030s9999 xx 000 0 und d | ||
| 020 | _a8187522046 | ||
| 041 | _aEnglish | ||
| 082 |
_a105.23 _bMah |
||
| 100 | _aP. B. Mahapatra | ||
| 245 | 0 |
_aThinking In C++ _cby P. B. Mahapatra |
|
| 260 |
_bKhanna Pub. _aNew Delhi _c1999 |
||
| 300 | _a683 | ||
| 650 | _aBE Computer | ||
| 942 | _cBK | ||
| 999 |
_c4787 _d4787 |
||